| 000 | 00711cam a2200241 4500 | ||
|---|---|---|---|
| 001 | 756596 | ||
| 003 | ARRUPE | ||
| 005 | 20150911104355.0 | ||
| 008 | 731001s1967 enka b 000 0 eng | ||
| 010 | _a 67083875 | ||
| 015 | _aB67-4810 | ||
| 040 |
_aDLC _cDLC _dDLC |
||
| 050 | 0 | 0 |
_aQ175 _b.M42 |
| 082 | 0 | 0 | _a501 |
| 100 | 1 |
_aMedawar, Peter Brian (ed.). _q(Peter Brian), _d1915- _913946 |
|
| 245 | 1 | 4 |
_aThe art of the soluble _c[by] P. B. Medawar. |
| 260 |
_aLondon, _bMethuen, _c1967 |
||
| 300 |
_a160 p. _billus. _c22 1/2 cm. |
||
| 504 | _aBibliographical footnotes. | ||
| 650 | 0 |
_aScience _xPhilosophy. _2Addresses _919751 |
|
| 906 |
_a7 _bcbc _corignew _du _eopcn _f19 _gy-gencatlg |
||
| 942 |
_2lcc _cMONOGRAPH |
||
| 999 |
_c123379 _d123379 |
||